000
00225nam a22000857a 4500
008
170119b xxu||||| |||| 00| 0 eng d
100
_9
2506
_a
Ghosh.S.etal.
245
_a
Evolution Social Science-8
260
_a
New Delhi
_b
Rachna
_c
2010
999
_c
5578
_d
5578